|
|
|
|
| LEADER |
01741nam a22003734a 4500 |
| 001 |
32384 |
| 003 |
BD-DhAAL |
| 005 |
20211116112641.0 |
| 008 |
171205s2004 vtua b 001 0 eng |
| 999 |
|
|
|c 38307
|d 38307
|
| 010 |
|
|
|a 2004000125
|
| 020 |
|
|
|a 1931498512 (hardcover : alk. paper)
|
| 020 |
|
|
|a 193149858X (pbk. : alk. paper)
|
| 020 |
|
|
|a 9781931498586
|
| 040 |
|
|
|a DLC
|d BD-DhAAL
|
| 050 |
0 |
0 |
|a HD75.6
|b .M435 2004
|
| 082 |
0 |
0 |
|a 330.9
|2 22
|
| 100 |
1 |
|
|a Meadows, Donella H.
|9 24185
|
| 245 |
1 |
4 |
|a The limits to growth :
|b the 30-year update /
|c Donella Meadows, Jørgen Randers, and Dennis Meadows.
|
| 260 |
|
|
|a White River Junction, Vt :
|b Chelsea Green Publishing Company,
|c c2004.
|
| 300 |
|
|
|a xxii, 338 pages :
|b illustrations ;
|c 24 cm.
|
| 504 |
|
|
|a Includes bibliographical references and index.
|
| 505 |
0 |
|
|a Overshoot -- The driving force: exponential growth -- The limits: sources and sinks -- World3: the dynamics of growth in a finite world -- Back from beyond the limits: the ozone story -- Technology, markets, and overshoot -- Transitions to a sustainable system -- Tools for the transition to sustainability.
|
| 526 |
|
|
|a AAL
|
| 541 |
|
|
|a Trim Education
|e 32384
|
| 650 |
|
0 |
|a Economic development
|x Environmental aspects.
|9 24186
|
| 650 |
|
0 |
|a Population
|x Economic aspects.
|9 24187
|
| 650 |
|
0 |
|a Pollution
|x Economic aspects.
|9 24188
|
| 650 |
|
0 |
|a Sustainable development.
|9 24189
|
| 700 |
1 |
|
|a Randers, Jørgen.
|9 24190
|
| 700 |
1 |
|
|a Meadows, Dennis L.
|9 24191
|
| 852 |
|
|
|a Ayesha Abed Library
|
| 942 |
|
|
|2 ddc
|c BK
|
| 952 |
|
|
|0 0
|1 0
|2 ddc
|4 0
|6 330_900000000000000_MEA
|7 0
|9 62014
|a BRACUL
|b BRACUL
|c GEN
|d 2017-11-28
|e Trim Education
|g 3129.00
|l 1
|m 1
|o 330.9 MEA
|p 3010032384
|r 2018-10-08
|s 2018-09-26
|t 1
|v 3129.00
|w 2017-11-28
|y BK
|